000 00873cam a2200265 a 4500
001 000004649
005 20200929151457.0
008 760525s1976 sp 000 f spa
020 _a840143517X
040 _aDO-SdBNP
_cDLC
_dDLC
041 1 7 _aspa
_hfre
_2Código de idioma MARC
082 _a843.914
_bB764v
100 1 _aBoulle, Pierre,
_d1912-1994.
_913572
240 1 0 _aLes vertus de l enfer
_lEspañol
245 1 4 _aLas virtudes del infierno /
_cPierre Boulle ; traducción, José Ma. Martínez Monasterio.
260 _aBarcelona, :
_bG.P.,
_c1976.
300 _a256 p. ;
_c18 cm.
490 1 _aReno
534 _aTítulo original:
_tLes vertus de l enfer.
650 4 _aNovela francesa
_91075
650 4 _aLiteratura francesa
_91074
700 1 _aMartínez Monasterio, José Ma.,
_etr.
_913573
830 0 _aReno
_911590
910 _aCatalogación por copia / LC
999 _c4455
_d4455